00411nam a2200121Ia 4500008004100000245008300041260002700124260000900151300000900160650002600169650001200195856008200207170516s9999 xx 000 0 und d aLateral Thoracic Artery Pseudoaneurysm as a Result of Penetrating Chest Trauma bJournal of Radiology s c2017 a11:1 xRadiologic Technology xRadtech uhttp://www.radiologycases.com/index.php/radiologycases/issue/view/129/showToc